MDQL
is popping MORE tags! Check the
thread
!
Quizzes
Events
Quiz Creation
Community
Videos
Private Events
Remove Ads
Sign In
Join for FREE
Feedback
Dark Mode
Quiz Categories
Sports
Geography
Music
Movies
Television
Just For Fun
Miscellaneous
History
Literature
Language
Science
Gaming
Entertainment
Religion
Holiday
For Kids
Quiz Lab
Recent
Popular Today
Quiz Kudos Today
Editor Picks
Curator Picks
Quizzes by...
Day
Popularity
Type
Ratings
Length
Year
Community
Subscriptions
Recent Discussions
Orange Saloon
Badges
Playlists
Quests
Create
Leaderboards
Showdown
Live 5
Trivia Bingo
Activity
Puzzle Library
Sporcle Events
Private Events
Virtual Trivia
Globe League
Become a Host
Pub Owners
SporcleCon
Opinionation
Our Games
Videos
Blog
Mobile Apps
Partnerships
Remove Ads and Go Orange
Feedback
Geography
Country
Landmarks
City
State
Population
World
Capital
Continent
Flags
Europe
Africa
Asia
South America
North America
Oceania
Border
Canada
United Kingdom
Topography
United States
Geography
Country
Landmarks
City
State
Population
World
Capital
Continent
Flags
Europe
Africa
Asia
South America
North America
Oceania
Border
Canada
United Kingdom
Topography
United States
Random Quiz
Search Sporcle
×
Quiz Lab
Quiz Lab
Geography
World
Type in answers that appear in a list
Type in answers that appear in a list
Classic
Best Score? Go Orange.
Invisible Countries Stats
Can you name the 20 countries which people don't know when playing the quiz: Countries of the World?
By
AlterLeader
12m
20 Questions
382 Plays
382 Plays
382 Plays
Comments
Comments
Give Quiz Kudos
Give Quiz Kudos
-
- Ratings
hide this ad
Replay
Link that replays current quiz
Next Quiz
Link to next quiz in quiz playlist
You Got
0%
They Got
Avg Score
68%
Avg Friend Score
Upgrade to see
Score Distribution
Jump to the score distribution portion of the page
Score
0/20
Timer
12:00
0
Plays Today
Rank
Country
% Correct
4.
Tuvalu
87.4%
5.
Vanuatu
83.2%
6.
Palau
82.9%
2.
Kiribati
82.4%
1.
Nauru
81.3%
20.
Marshall Islands
80.8%
16.
Solomon Islands
77.6%
7.
Comoros
74.5%
8.
Timor-Leste
74.2%
3.
Sao Tome and Principe
72.6%
Rank
Country
% Correct
12.
Brunei
72.1%
11.
St. Vincent and the Grenadines
71.3%
19.
Mauritius
67.9%
18.
Grenada
63.2%
9.
Antigua and Barbuda
60.3%
14.
Cape Verde
52.1%
13.
Burundi
51.6%
15.
Guinea-Bissau
51.6%
10.
Burkina Faso
42.4%
17.
Gabon
42.4%
Quiz Playlist
Details
Report
Send in Message
Add To Playlist
Classic:
Type in answers that appear in a list
Quiz Source
Last Updated: Feb 1, 2018
Quiz Scoreboard
CHALLENGE
Sign Up to Join the Scoreboard
Show All
Scores
Hide
Comments
May contain spoilers
Recently Published
Famous 'C' Women
by xyz_
Entertainment
6m
Holiday 10x10 Sorting Gallery
by lukepisani3
Holiday
15m
Two Season TV Shows II
by 123Four
Television
10m
More to Explore
Quiz From the Vault
Featured Blog Post
14 Easter Pick-up Lines to Find Eggs With
hide this ad
You Might Also Like...
Tags
Country Quiz
World Quiz
Invisible
Percentage
Today's Top Quizzes in Geography
Browse Geography
hide this ad
Today's Top Quizzes in World
Browse World
Top Contributed Quizzes in Geography
1
Colored Red Europe Blitz I
2
Countries of the World - No Outlines Minefield
3
Colored Red Africa Blitz II
4
Colored Red Europe Blitz II
5
Colored Red Europe Blitz III
6
Colored Red Africa Blitz III
7
Colored Red States Blitz I
8
A Different View: World Oceans
9
Colored Red States Blitz II
10
Colored Red States Blitz III
Explore More
Trending Topics
Disney
Harry Potter
Anime
Kpop
NBA
Marvel
Crossword
Puzzle
Country
The Office
Soccer
Song
Pokémon
WWE
NFL
hide this ad
More By:
AlterLeader
Quiz
Plays
Rating
Category
Featured
Created
Strongest Air Forces
546
3.14
Geography
Jun 26, 2012
Invisible Countries
382
3.40
Geography
Jul 8, 2012
No KFC!!! Nooooooo!
318
5.00
Geography
Jul 9, 2012
Educated Countries of the World
316
4.33
Geography
Jun 25, 2012
Asia......Rich
257
1.90
Geography
Jul 4, 2012
Go to Creator's Profile
Score Distribution
Quiz Creator Spotlight
AlterLeader
Follow
Send a Message
Quizzes Created
-
Created Quiz Play Count
-
More By This Creator
Popular Quizzes Today
1
Find the US States - No Outlines Minefield
2
Colored Red Africa Blitz
3
Find the 'City' Movie
4
The Countries of the World
5
Find the US States
6
5x2 Blitz: Bands
7
Find the Countries of Europe - No Outlines Minefield
8
US States
More Geography Quizzes
Transatlantic and Transpacific US Airports [2020]
Quiz Lab
Trending Quizzes
Colored Red Europe Blitz I
Colored Red Europe Blitz II
Colored Red Africa Blitz II
Colored Red Africa Blitz III
Colored Red Europe Blitz III
Recently Updated
Odd Team Out - Big 4 Players
pecheneg
Quick Pick: 20 Twenties
pecheneg
March Madness Men's Triple Doubles
pecheneg
How Do You Spell That?
pecheneg
Godzilla Movies
pecheneg
Grab Bag: 4-10 Letters
pecheneg
2024 March Madness Bracket
pecheneg
Famous TV Couples
Peacemaker
Champions League XIs: Real Madrid
pecheneg
Largest US Cities 1790-2010
pecheneg
Trending Topics
Anime
Disney
NBA
Kpop
Marvel
Harry Potter
Crossword
Song
Soccer
WWE
Country
Puzzle
NFL
Pokémon
The Office
Your Account Isn't Verified!
In order to create a playlist on Sporcle, you need to verify the email address you used during registration. Go to your
Sporcle Settings
to finish the process.
Report this User
Report this user for behavior that violates our
Community Guidelines
.
Details:
Send Report
Go to the Sporcle.com Mobile Site →
Comments